000 01041cam a2200229 4500
001 ##L132455
008 060209n2005 000 0 eng u
020 _a0110736591
035 _a(Sirsi) u132455
041 0 _aeng
245 0 4 _aThe Housing Health and Safety Rating System (England) Regulations 2005
260 _aLondon
_bTSO
_c2005
490 0 _aSI
_v2005: 3208
520 _aThis statutory instrument prescribes the manner of inspections and methods of assessing hazards for the Housing Health and Safety Rating System established under the Housing Act 2004, Part 1, and comes into force on 6 April 2006.
590 _aIKA140206
650 2 4 _aHOUSING ACT 2004
650 2 4 _aHOUSING HEALTH AND SAFETY RATING SYSTEM (ENGLAND) REGULATIONS 2005
650 _aHOUSING ACT 2004 PART I
690 _aPROPERTY-RESIDENTIAL PROPERTY-RESIDENTIAL LANDLORD AND TENANT-RESIDENTIAL LANDLORD AND TENANT REFORM
856 4 0 _uhttps://www.opsi.gov.uk/si/si2005/20053208.htm
_zView the item free of charge at www.opsi.gov.uk...
942 _n0
999 _c105143
_d105143